| 000 | 02057nam2a2200301 4500 | ||
|---|---|---|---|
| 001 | RU\NLR\BIBL_A\022580043 | ||
| 005 | 20260408223947.0 | ||
| 035 | _a(NLR Aleph) 022580043 | ||
| 090 |
_a13451111 _c13451111 |
||
| 100 | _a20250704d2024 |||y0rusy50 ca | ||
| 101 | 0 | _arus | |
| 102 | _aRU | ||
| 200 | 0 |
_aВып. 14 (41) _e[доклады участников XXIV Докучаевских молодежных чтений "Почвоведение в цифровом обществе" (2021 год, город Санкт-Петербург) и XXV Докучаевских молодежных чтений "Почва - жизнь" (2022 год, город Санкт-Петербург)] |
|
| 210 | _d2024 | ||
| 461 | 0 |
_1001RU\NLR\INFOCOMM17\1000408909 _12001#$aМатериалы по изучению русских почв$fПрезидент. федерал. целевая прогр. "Интеграция" и др.$vВып. 14 (41) _93052492 _cСПб. _d1999 - _fПрезидент. федерал. целевая прогр. "Интеграция" и др. _nИзд-во СПбГУ _tМатериалы по изучению русских почв _x1561-1124 _vВып. 14 (41) |
|
| 601 | 0 | 2 |
_aЦентральный музей почвоведения им. В. В. Докучаева _cСанкт-Петербург _92671398 _3RU\NLR\AUTH\6601757747 |
| 606 |
_aПочвоведение _xЦифровые технологии _92671400 _3RU\NLR\AUTH\6601757749 |
||
| 606 |
_aПочвы _xИсследование _yРоссийская Федерация _92671402 _3RU\NLR\AUTH\6601757751 |
||
| 686 | 1 | _aП03л611 | |
| 686 | 1 | _aП03с51 | |
| 686 | 1 | _aП03(2Р) | |
| 711 | 1 | 2 |
_aДокучаевские молодежные чтения _d24 _eСанкт-Петербург _f2021 _9811100 _3RU\NLR\AUTH\880572402 |
| 711 | 1 | 2 |
_aДокучаевские молодежные чтения _d25 _eСанкт-Петербург _f2022 _9808891 _3RU\NLR\AUTH\880571314 |
| 852 |
_aNLR _jП14/985 |
||
| 942 | _cISSUE | ||
| 980 | _aNB | ||
| 980 | _aRUSPER | ||